meilleurs pays pour naitre - Statistiques

Statistiques générales
  • Ce quiz a été pris 156 fois
  • Le résultat moyen est 5 sur 9
Statistiques - réponses
Place Pays % Correct
3 Suède
82%
1 Canada
75%
2 Suisse
75%
4 Danemark
67%
6 Australie
64%
8 Pays-Bas
51%
7 Nouvelle-Zélande
50%
5 Singapour
35%
9 Hong Kong
5%
Aucun quiz correspondant
Distribution des résultats
% des personnes avec chaque résultat
Percentile par nombre de réponses
Votre historique - résultats
Vous n’avez pas pris ce quiz